Peces raros y sus curiosidades / (Record no. 143009)

MARC details
000 -LEADER
campo de control de longitud fija 00665nam a2200205 i 4500
001 - NÚMERO DE CONTROL
campo de control 143009
003 - IDENTIFICADOR DE NÚMERO DE CONTROL
campo de control ES-MaACL
007 - CAMPO FIJO DE DESCRIPCIÓN FÍSICA--INFORMACIÓN GENERAL
campo de control de longitud fija t|
008 - DATOS DE LONGITUD FIJA--INFORMACIÓN GENERAL
campo de control de longitud fija 071011s1954 sp ||||1| spa d
100 1# - ENTRADA PRINCIPAL--NOMBRE DE PERSONA
Nombre de persona Verrill, A. Hyatt.
9 (RLIN) 114207
245 10 - MENCIÓN DEL TÍTULO
Título Peces raros y sus curiosidades /
Mención de responsabilidad, etc. por A. Hyatt Verrill ; traducción y notas de Carlos Bas.
250 ## - MENCION DE EDICION
Mención de edición 1ª ed.
260 ## - PUBLICACIÓN, DISTRIBUCIÓN, ETC.
Lugar de publicación, distribución, etc. Barcelona :
Nombre del editor, distribuidor, etc. Destino,
Fecha de publicación, distribución, etc. 1954.
300 ## - DESCRIPCIÓN FÍSICA
Extensión XXVIII, 193 p., VII h. de lám. :
Otras características físicas il. ;
Dimensiones 20 cm.
490 1# - MENCIÓN DE SERIE
Mención de serie Curiosidades de la naturaleza
700 1# - ENTRADA AGREGADA--NOMBRE PERSONAL
Nombre de persona Bas, Carlos.
9 (RLIN) 26225
830 0# - PUNTO DE ACCESO ADICIONAL DE SERIE-TÍTULO UNIFORME
Título uniforme Curiosidades de la naturaleza
9 (RLIN) 187264
852 ## - LOCALIZACIÓN
Ubicación ES-MaACL
Número de control de estantería C-8965
Sublocalización o colección R.37189
Holdings
Estatus retirado Estado de pérdida Estado de daño No para préstamo Biblioteca de origen Biblioteca actual Ubicación en estantería Fecha de adquisición Fuente de adquisición Total de préstamos Signatura topográfica completa Código de barras Visto por última vez Precio de reemplazo Tipo de ítem Koha
        Biblioteca del Ateneo de Madrid Biblioteca del Ateneo de Madrid Sala Palomar 17/01/2008     C-8965 1148792 23/02/2023 23/02/2023 Libro impreso